000 00681nam a2200169 a 4500
008 060420s2005 ||||||||||||||||| || u
050 _aCODESRIA(02)2005/2
100 _aYieke, Felicia Arudo
245 1 0 _aEast Africa
_cedited by Felicia Arudo Yieke
246 _ain search of national and regional renewal
260 _aDakar
_bCODESRIA
_c2005
350 _a0.00
650 _aTEXTBOOKS
650 _aPOLITICS
710 _aCouncil for the Development of Social Science Research in Africa (CODESRIA)
995 _D0.00
_FCBU-MAIN LIBRARY (Kitwe)
_H1
_I0.00
_UAVAILABLE
_WApr 20, 2006
_ZInternational Publications
999 _c40649
_d40649